Normal view
MARC view
Entry Personal Name
001 - CONTROL NUMBER
- control field: 3000
003 - CONTROL NUMBER IDENTIFIER
- control field: ARRUPE
005 - DATE AND TIME OF LATEST TRANSACTION
- control field: 20131024171208.0
008 - FIXED-LENGTH DATA ELEMENTS
- fixed length control field: 131024|| aca||aabn | a|a d
040 ## - CATALOGING SOURCE
- Original cataloging agency: ARRUPE
- Transcribing agency: ARRUPE
100 ## - HEADING--PERSONAL NAME
- Personal name: Sullivan, Francis,
- Dates associated with a name: 1929-
670 ## - SOURCE DATA FOUND
- Source citation: Work cat.: (ARRUPE)0: Sullivan, Francis, 1929-, A time to sow :, c1989.